LEADER 01586nam a2200325 4500 001 000000366787 003 CaOOAMICUS 005 20260323082440.0 008 260309s2002 it 000 u ita r 020 $a88-452-9184-7 040 $aSeMil$bita 041 1 $aita$alat 100 1 $aLocke, John,$d<1632-1704>.$0(OLS)http://semarc/name/5548 245 10$aSulla tolleranza e l'unità di Dio /$cJohn Locke ; testi originali collazionati, tradotti e commentati con introduzioni e note di Mario Montuori ; contributi editoriali e traduzione della Epistola de tolerancia [i.e. tolerantia], di Vincenzo Cicero. 264 1$aMilano :$bBompiani,$c2002. 300 $a443 p. ;$c21 cm 490 1 $aBompiani Testi a fronte ;$v60 500 $aContiene: Lettera sulla tolleranza, Sull'unità di Dio: tre lettere di Locke a Limborch 500 $aTesti orig. a fronte 700 1 $aMontuori, Mario,$d<1921-2008>.$0(OLS)http://semarc/name/123921 700 1 $aCicero, Vincenzo,$d<1962- >.$0(OLS)http://semarc/name/316 730 02$aEpistola de tolerantia.$0(OLS)http://semarc/title/458771 830 0$aBompiani. Testi a fronte ;$v60.$0(OLS)http://semarc/title/12808 850 $aSeMil 852 $aSeMil$W1$xVenegono$y1$m2NA V 60$j268466$B257569$CSeMilBibl$Z2$F257569 $81 961 $aBuzzi mons. Franco - Omaggio 996 $6020$a88-452-9184-7$9(OLS)http://semarc/number/305490 996 $6245$aSulla tolleranza e l'unità di Dio$9(OLS)http://semarc/title/458578 996 $6264$aMilano :$bBompiani$9(OLS)http://semarc/publisher/29706